British Columbia
| Main Author: | |
|---|---|
| Format: | Book |
| Published: |
Vancouver, Canada :
Whitecap Books ,
1994
|
| Subjects: |
MARC
| LEADER | 00000cam a2200000 7i4500 | ||
|---|---|---|---|
| 001 | 0000000857 | ||
| 005 | 20001017.0 | ||
| 020 | 0 | 0 | |a 1551101653 |
| 090 | 0 | 0 | |a R917.11 |b NEE 1994 |
| 100 | 1 | 0 | |a NEERING |h Rosemary |
| 245 | 1 | 0 | |a British Columbia |c Rosemary Neering |
| 260 | 0 | 0 | |a Vancouver, Canada : |b Whitecap Books , |c 1994 |
| 300 | |a vi, 104 p. : |b col. photos, map ; |c 34 cm. | ||
| 650 | 0 | 0 | |a British Columbia |x Pictorial works |
| 999 | |a 0000000561 |b Monograph |c Reference |e Default branch | ||